[Event "82nd Armenian Men Championship 2022"]
[Site "Yerevan"]
[Date "2022.01.19"]
[Round "7.4"]
[White "Ter-Sahakyan, Samvel"]
[Black "Sargsyan, Shant"]
[Result "1/2-1/2"]
[WhiteElo "2637"]
[BlackElo "2628"]
[Annotator "TA"]
[PlyCount "47"]
[EventDate "2022.01.12"]
[EventType "tourn"]
[EventCountry "ARM"]
[SourceTitle "playchess.com"]
[Source "ChessBase"]
[SourceQuality "1"]

{[%evp 18,47,28,11,11,0,15,0,18,0,0,0,5,4,6,0,0,0,0,0,0,0,0,0,12,0,0,0,7,0,0,0]} 1. e4 e5 2. Nf3 Nc6 3. Bb5 {[%cal Bf1b5,Bb5a4,Ba4b3,Bb3a2][%mdl 32]} a6 4. Ba4 Nf6 5. O-O Be7 6. Re1 b5 7. Bb3 O-O 8. a4 Bb7 9. d3 d6 10. c3 Na5 {The position is equal. C88: Closed Ruy Lopez: Anti-Marshall Systems.} 11. Ba2 c5 $1 12. Bg5 h6 13. Bxf6 Bxf6 {[#]} (13... gxf6 $2 14. Nh4 Bc8 15. Bd5 $18) 14. axb5 $146 ({Predecessor:} 14. Nbd2 b4 15. cxb4 cxb4 16. Rc1 Qd7 17. Nc4 Nxc4 18. dxc4 Rac8 19. b3 a5 20. Bb1 Rfd8 21. Qd3 Qg4 22. Rcd1 Rd7 23. Nd2 Bd8 24. Nf1 {½-½ (24) Marek,S (2381)-Filipek,J (2370) Slovakia 2003}) 14... axb5 15. Nbd2 d5 16. Qc2 dxe4 17. Nxe4 Bxe4 18. Rxe4 Nc6 19. Ree1 Qd7 20. Nd2 Kh8 21. Bb3 Na5 22. Ba2 Nc6 23. Bb3 Na5 24. Ba2 {An even fight not without its subleties.  Weighted Error Value: White=0.04 (flawless) /Black=0.01 (flawless)} 1/2-1/2

[Event "82nd Armenian Men Championship 2022"]
[Site "Yerevan"]
[Date "2022.01.19"]
[Round "7.5"]
[White "Gabuzyan, Hovhannes"]
[Black "Pashikian, Arman"]
[Result "1/2-1/2"]
[WhiteElo "2589"]
[BlackElo "2606"]
[Annotator "TA"]
[PlyCount "42"]
[EventDate "2022.01.12"]
[EventType "tourn"]
[EventCountry "ARM"]
[SourceTitle "playchess.com"]
[Source "ChessBase"]
[SourceQuality "1"]

{[%evp 10,42,0,-15,-22,-25,-37,-56,-58,-60,-51,-49,-61,-55,-54,-54,-20,-22,-21,-23,-15,-12,-18,-19,-21,-21,-14,-20,-22,-14,-15,-19,-14,-10,-16]} 1. e4 e5 2. Nc3 Nf6 3. Nf3 Nc6 4. Bb5 {[%cal Bf1b5,Bb5a4,Ba4b3,Bb3c4][%mdl 32]} Nd4 5. O-O c6 6. Ba4 a5 {[%cal Ba7a5,Ba5a4][%mdl 32] next ...b5 is good for Black. C48: Four Knights: 4 Bb5, replies other than 4...Bb4.} 7. Bb3 (7. a3 {feels hotter.} Bc5 8. h3 b5 9. Bb3 d6 10. Ba2) 7... d6 {[%cal Bd7d6,Bd6d5][%mdl 32] ...Bg4 is the strong threat.} 8. Nxd4 exd4 {Black is slightly better.} 9. Ne2 a4 10. Bc4 Nxe4 {[#]} 11. Nxd4 $146 ({But not} 11. d3 Nf6 12. a3 (12. Nxd4 $2 d5 $19) 12... d5 $17) ({Predecessor:} 11. Re1 d5 12. Bd3 Be7 13. Nxd4 O-O 14. c3 Bc5 15. Bxe4 dxe4 16. Rxe4 f5 17. Re1 Bxd4 18. cxd4 Qxd4 {½-½ (42) Ganerdene,S (2408)-Batchuluun,T (2535) Changsha 2019}) 11... d5 12. Be2 ({Avoid the trap} 12. d3 $2 Nf6 13. Re1+ Be7 $19) 12... Qf6 13. c3 Bd6 14. d3 Nc5 15. Be3 {The position is equal.} O-O 16. Qd2 Ne6 17. Nxe6 Bxe6 18. a3 Rfe8 19. Rfe1 Bf5 20. Bf1 Qg6 21. d4 h6 {Weighted Error Value: White=0.03 (flawless) /Black=0.04 (flawless)} 1/2-1/2

[Event "82nd Armenian Men Championship 2022"]
[Site "Yerevan"]
[Date "2022.01.20"]
[Round "8.1"]
[White "Gharibyan, Mamikon"]
[Black "Harutyunyan, Tigran K."]
[Result "1-0"]
[WhiteElo "2467"]
[BlackElo "2552"]
[Annotator "TA"]
[PlyCount "59"]
[EventDate "2022.01.12"]
[EventType "tourn"]
[EventCountry "ARM"]
[SourceTitle "playchess.com"]
[Source "ChessBase"]
[SourceQuality "1"]

{[%evp 10,59,6,-6,2,12,11,4,10,4,26,24,46,39,42,36,39,41,137,144,156,155,171,145,152,100,118,62,76,77,185,85,103,83,378,360,705,250,367,240,1091,1116,2351,2153,2801,2120,2504,2387,29995,29996,29996,29997]} 1. Nf3 d5 2. d4 Nf6 3. c4 e6 4. Nc3 Bb4 5. e3 O-O 6. Bd2 Re8 {E51: Nimzo-Indian: Rubinstein: 4...0-0 5 Nf3 d5.} 7. Rc1 b6 8. cxd5 exd5 {The position is equal.} 9. Bd3 a6 10. Ne5 Bf8 11. O-O c5 12. f4 Bb7 13. Be1 {[#]} b5 $146 (13... cxd4 $14 14. exd4 Nc6) ({Predecessor:} 13... Nc6 14. Bf2 Rc8 15. Qf3 b5 16. Bf5 Rc7 17. Bh4 Be7 18. Rcd1 g6 19. Bb1 cxd4 20. exd4 {½-½ (72) Sargsyan,T (2136)-Sargsyan,S (2472) Yerevan 2018}) 14. Bh4 $16 {aiming for Rf3.} cxd4 15. exd4 {Qc2 is the strong threat.} Qb6 {[%cal Oe8e5]} 16. Bxf6 Qxf6 17. Qh5 ({Better is} 17. Qf3) 17... g6 18. Qf3 {White is much more active. Black has bad knights.} (18. Qh3 $1 $16) 18... Qb6 19. Kh1 {Strongly threatening f5.} Qxd4 (19... Nc6 $16) 20. Rcd1 (20. Ne2 $1 $18 {[%cal Re2d4]} Qb6 21. f5 $1) 20... Qb6 21. Nxf7 $1 {[%cal Of4f5] And now f5! would win.} (21. Nxd5 Bxd5 22. Qxd5 Ra7 $14) 21... Qe3 $2 {[%mdl 8192] Loses the game.} (21... Kxf7 $2 22. f5 Ke7 23. Nxd5+ Kd8 24. Nxb6 $18) (21... d4 $16 22. Be4 (22. Nd5 Qc6 $11) 22... Ra7) 22. Qg4 $1 $18 (22. Ne5 Qxf3 23. Nxf3 Nd7 $11) 22... Nd7 $2 {[#]} (22... Kxf7 23. f5 Kg8 24. fxg6 Bg7) 23. f5 $2 (23. Qxd7 Re7 24. Qg4 (24. Nxd5 Rxd7 25. Nxe3 Rxf7 $14) 24... Rxf7 $16) (23. Bxg6 $1 {[%mdl 512]} Qe7 {[#]} (23... Re7 24. Rd3) 24. Rde1 $1 Qxe1 25. Bxh7+ $1 {[%mdl 512]} Kxh7 26. Ng5+ Kg7 27. Ne6+ Kf7 28. Qh5+ Kxe6 29. Rxe1+ Kd6 30. Rxe8 Rxe8 31. Qxe8) 23... Nf6 (23... Ne5 {keeps fighting.} 24. Nxe5 (24. fxg6 Qg1+ 25. Kxg1 Bc5+ 26. Kh1 Nxg4 $18) 24... Qxe5 25. fxg6 (25. Qh4 Qe7 $16) 25... h6) 24. fxg6 {Chess con chili.} h5 (24... Qg1+ 25. Kxg1 (25. Rxg1 Nxg4 26. Rdf1 hxg6 $11) 25... Bc5+ 26. Kh1 Nxg4) 25. Qh4 Be7 26. Rf3 Qe6 27. Nh6+ {Pair of Knights!} Kh8 28. Bf5 Qb6 29. g7+ Kxg7 30. Qg5+ {Weighted Error Value: White=0.38/Black=0.84} 1-0

[Event "82nd Armenian Men Championship 2022"]
[Site "Yerevan"]
[Date "2022.01.20"]
[Round "8.2"]
[White "Martirosyan, Haik M."]
[Black "Ter-Sahakyan, Samvel"]
[Result "1/2-1/2"]
[WhiteElo "2621"]
[BlackElo "2637"]
[Annotator "TA"]
[PlyCount "73"]
[EventDate "2022.01.12"]
[EventType "tourn"]
[EventCountry "ARM"]
[SourceTitle "playchess.com"]
[Source "ChessBase"]
[SourceQuality "1"]

{[%evp 14,73,18,18,15,16,29,16,18,18,18,27,33,18,14,17,18,25,16,22,19,21,23,14,62,53,60,47,109,31,54,53,56,53,61,62,81,78,85,74,141,130,165,158,166,47,6,0,0,-47,-51,-51,-51,-51,-51,-51,-51,-51,0,0,0,0]} 1. d4 Nf6 2. c4 e6 3. Nf3 d5 4. Nc3 c5 5. cxd5 cxd4 6. Qxd4 exd5 7. Bg5 Be7 8. e3 O-O {D50: Queen's Gambit Declined: Dutch-Peruvian Gambit.} 9. Be2 h6 10. Bxf6 Bxf6 11. Qd2 Be6 12. O-O Nc6 13. Rfd1 {[%cal Rc3d5]} (13. Rad1 $5 {[%cal Rc3d5]}) 13... Qb6 {[#]} 14. Nxd5 $146 ({Predecessor:} 14. Rac1 Rfd8 15. Na4 Qc7 16. Nc5 Bg4 17. h3 Bh5 18. Nd3 Bg6 19. Nb4 Be4 20. Nd4 Bxd4 21. exd4 {½-½ (88) Grischuk,A (2737)-Wei,Y (2707) Doha 2016}) 14... Bxd5 15. Qxd5 Qxb2 16. Bc4 Rad8 17. Qh5 Qc3 18. Bd5 Ne5 (18... Qxa1 $11 19. Rxa1 Bxa1) 19. Rab1 $14 (19. Bxb7 g6 20. Qxh6 Ng4 $15) 19... Nxf3+ 20. gxf3 b6 (20... Qc7 $14) 21. f4 (21. Rbc1 $1 $16 {[%cal Rc1c3]} Qe5 22. Bxf7+ $1 Kh8 23. f4 Qxh5 24. Bxh5) 21... Rc8 22. e4 {[%cal Be3e4,Be4e5][%mdl 32]} Be7 23. e5 Qc2 24. f5 {[%cal Bf4f5,Bf5f6][%mdl 32]} Rc5 {[%cal Oc5d5]} 25. Rb3 $1 {[%cal Of5f6] aiming for f6!} Bh4 {[#] Inhibits f6.} 26. Qf3 {Active counter play!} Bxf2+ 27. Kh1 $16 Bh4 28. f6 {Strongly threatening fxg7.} Qf2 {[#]} 29. Qg4 (29. Qe4 $1 $18 {Black must now prevent Rg1.} Rc2 30. Rh3 Bxf6 31. exf6) 29... Bg5 $1 $132 {[%mdl 2048] Black is not keeping still} 30. fxg7 {The board is on fire.} Rd8 31. Rf3 Qe2 $1 $15 32. Bxf7+ {[%cal Bd5f7,Bf7h5,Bh5f3][%mdl 32]} Kxg7 33. Rg1 {Qf5 is the strong threat.} Rd1 $1 {( -> ...Rxg1+)} 34. Bh5 Rxg1+ 35. Qxg1 {Threatens to win with Rf7+.} Rc1 (35... Qxe5 $15 36. Rf7+ Kg8) 36. Qxc1 $11 {White wants to mate with Rf7+.} Qxf3+ 37. Bxf3 {Weighted Error Value: White=0.12 (very precise) /Black=0.12 (very precise)} 1/2-1/2

[Event "82nd Armenian Men Championship 2022"]
[Site "Yerevan"]
[Date "2022.01.20"]
[Round "8.3"]
[White "Sargsyan, Shant"]
[Black "Shahinyan, David"]
[Result "1-0"]
[WhiteElo "2628"]
[BlackElo "2486"]
[Annotator "TA"]
[PlyCount "55"]
[EventDate "2022.01.12"]
[EventType "tourn"]
[EventCountry "ARM"]
[SourceTitle "playchess.com"]
[Source "ChessBase"]
[SourceQuality "1"]

{[%evp 19,55,42,95,80,94,69,80,38,93,97,134,135,239,226,224,229,237,237,284,262,501,495,512,267,242,262,463,472,465,464,431,401,580,556,558,544,668,585]} 1. d4 Nf6 2. Nf3 g6 3. c4 Bg7 4. Nc3 O-O 5. e4 d6 6. Be2 c5 7. O-O cxd4 8. Nxd4 Nc6 9. Be3 Bd7 10. Nc2 a5 {10...Qa5 is setting a new trend.} (10... Rc8 $14) 11. f4 {B38: Sicilian: Maroczy Bind with 5...Bg7 and 7...0-0.} a4 {[%cal Oa4a3]} 12. Kh1 {[#]} Qa5 $146 ({Predecessor:} 12... h5 13. c5 dxc5 14. Bxc5 Qa5 15. Bg1 Rfd8 16. Qe1 Nb4 17. Na3 Rdc8 18. Qh4 Qd8 {1-0 (36) Remmeke,H (2134)-Hagemann,E (2054) Germany 2011}) 13. c5 (13. Na3 $16) 13... Rfd8 (13... dxc5 14. e5 Rfd8 15. exf6 Bxf6 16. Bd2 $16) ({Better is} 13... Rad8 $14) 14. cxd6 $16 Be6 15. Qe1 (15. e5 Nd5 $16) 15... exd6 {[#]} (15... Ng4 $16) 16. Qf2 $1 $18 {Threatens to win with Bb6.} a3 17. Nxa3 Qb4 {White must now prevent ...Rxa3.} 18. f5 {[%cal Bf4f5,Bf5e6][%mdl 32]} Qxb2 19. Nab5 (19. fxe6 $6 Qxc3 20. exf7+ (20. Nb5 Qe5 $18) 20... Kh8 $16) 19... Rxa2 $2 (19... Bxa2 {keeps fighting.} 20. fxg6 (20. Rxa2 Rxa2 21. fxg6 hxg6 $14) (20. Nxa2 Nxe4 21. Qf3 Rxa2 $17) 20... hxg6) 20. Rab1 ({Not} 20. Nxa2 Nxe4 21. Qf3 Bxa2 $14) ({Weaker is} 20. Rxa2 Bxa2 21. Bg5 Rf8 $16) 20... Nxe4 21. Nxe4 Qxe2 22. fxe6 {Chess con chili.} f5 (22... Qxf2 {is a better defense.} 23. Bxf2 fxe6 24. Nbxd6 Rf8 25. Nxb7 Re2) 23. Nec3 Qxf2 24. Bxf2 Rd2 25. Bh4 Rc8 (25... Rb8 $142 26. Bg5 Rd3) 26. Rbd1 {White is clearly winning.} Rxd1 27. Rxd1 Nd4 {[#]} 28. Nxd6 $1 {White took control after the opening.  Weighted Error Value: White=0.21 (precise) /Black=0.61} 1-0

[Event "82nd Armenian Men Championship 2022"]
[Site "Yerevan"]
[Date "2022.01.20"]
[Round "8.4"]
[White "Petrosyan, Manuel"]
[Black "Pashikian, Arman"]
[Result "1-0"]
[WhiteElo "2620"]
[BlackElo "2606"]
[Annotator "TA"]
[PlyCount "83"]
[EventDate "2022.01.12"]
[EventType "tourn"]
[EventCountry "ARM"]
[SourceTitle "playchess.com"]
[Source "ChessBase"]
[SourceQuality "1"]

{[%evp 11,83,6,12,16,12,0,0,8,0,-7,0,0,0,0,0,0,0,0,0,0,0,0,0,0,16,13,26,0,0,12,0,-4,0,-9,72,53,66,77,52,66,72,71,115,103,214,111,458,451,450,450,495,467,533,554,555,535,541,538,532,520,526,433,1710,1659,1316,769,738,724,5310,5310,4822,4814,1846,1389]} 1. d4 Nf6 2. c4 e6 3. Nf3 d5 4. Nc3 Bb4 5. Qa4+ Nc6 6. e3 O-O 7. Qc2 {D38: Queen's Gambit Declined: Ragozin Defence (4 Nf3 Bb4).} b6 8. cxd5 exd5 9. Bd3 {The position is equal.} Bg4 {[#]} 10. a3 $146 ({Predecessor:} 10. Bd2 Bxf3 11. gxf3 Ne7 12. a3 Bxc3 13. Bxc3 Qd6 14. Bb4 Qd7 15. Rc1 c5 16. dxc5 {0-1 (51) Peptan,C (2399)-Garcia Martin,M (2315) Heraklion 2017}) 10... Bxc3+ 11. Qxc3 Bxf3 12. gxf3 Ne7 13. b3 Rc8 14. Bb2 c5 15. dxc5 bxc5 {[%cal Od5d4]} 16. O-O-O Qb6 17. Rhg1 {[%cal Bh1g1,Bg1g5,Bg5c5,Bc5c7][%mdl 32] Black must now prevent Qxf6.} d4 18. Qc2 Nc6 19. Bc4 Na5 20. Kb1 {[%cal Re3d4]} Rfd8 21. Rg5 Nxc4 22. Qxc4 {[%cal Re3d4]} Qc6 (22... Ne8 $11 {keeps the balance.}) 23. exd4 $16 {d5 is the strong threat.} Qxf3 24. Rdg1 g6 {aiming for ...Ne4.} (24... cxd4 $2 25. Rxg7+ Kh8 26. Qxf7 Qf5+ 27. Ka2 $18) 25. Rxc5 (25. dxc5 $2 Ne4 26. Qc1 Nxg5 27. Qxg5 Rd5 $19) 25... Rb8 26. Ka2 $1 Ne4 {To avoid Rg3} (26... Nd5 $142) 27. Rc7 Nd2 {[#]} (27... Qxf2 $2 28. Rf1 Nd6 29. Rxf2 $18) (27... a5 $16) 28. Qc3 $40 {[%mdl 128] White goes for the king.} (28. Rg3 $1 $18 {[%cal Rg3f3][%mdl 512]} Qf5 29. Qd3) 28... Rxb3 $2 {[%mdl 8192] This move loses the game for Black.} 29. Qxd2 $18 {White is clearly winning.} Rdb8 30. Rc2 (30. Bc3 Qd5 31. Bb4 R8xb4 32. axb4 Rd3+ 33. Kb2 Rxd2+ 34. Rc2 Qxd4+ 35. Kc1 Rxc2+ 36. Kxc2 Qxf2+ 37. Kb3 Qxg1 38. h3 Qg3+ 39. Kc4 Qxh3 40. Kd4 Qe6 41. Kd3 h5 42. b5 h4 43. b6 Qxb6 44. Ke2 h3 45. Kf3 Qd4 46. Kg3 Qe3+ 47. Kg4 h2 48. Kh4 h1=Q+ 49. Kg4 Qh5#) 30... Rd3 31. Qa5 ({Weaker is} 31. Qe2 Rxa3+ 32. Bxa3 Qb3+ 33. Ka1 Qxa3+ 34. Ra2 Qc3+ 35. Rb2 Qxd4 $18) 31... Qb7 32. Rgc1 Rb3 {[%cal Rb3b2]} 33. Qd2 ({Not} 33. Rc8+ Kg7 34. Qe5+ Kh6 35. Rxb8 (35. Qf4+ Kg7 $11) 35... Rxb2+ 36. Ka1 Qxb8 37. Qxb8 Rxb8 $11) 33... Qd5 {( -> ...Rxb2+)} 34. Ka1 {Threatens to win with Rc8+.} Kg7 35. Qe2 Kh6 36. Qe5 Qf3 {[#]} (36... Qxe5 $142 37. dxe5 Kg5) 37. Rc3 $1 Qxf2 (37... Qg2 38. Qe3+) 38. Rxb3 Rxb3 39. Rb1 {Bc1+ would kill now.} f6 40. Bc1+ g5 {[#]} 41. Bxg5+ $1 {[%mdl 512]} Kg6 42. Qe4+ {Weighted Error Value: White=0.09 (flawless) /Black=0.37} 1-0

[Event "82nd Armenian Men Championship 2022"]
[Site "Yerevan"]
[Date "2022.01.20"]
[Round "8.5"]
[White "Petrosian, Tigran L."]
[Black "Gabuzyan, Hovhannes"]
[Result "0-1"]
[WhiteElo "2573"]
[BlackElo "2589"]
[Annotator "TA"]
[PlyCount "82"]
[EventDate "2022.01.12"]
[EventType "tourn"]
[EventCountry "ARM"]
[SourceTitle "playchess.com"]
[Source "ChessBase"]
[SourceQuality "1"]

{[%evp 13,82,12,5,-22,-17,0,-20,-43,-50,-43,15,0,-6,0,-33,-37,-37,-60,-60,-52,-49,-53,-51,-57,-60,-70,-79,-112,-116,-137,-122,-107,-96,-162,-164,-178,-165,-156,-188,-218,-156,-143,-192,-168,-171,-295,-270,-395,-306,-681,-677,-1582,-1532,-1814,-1850,-29981,-29982,-29981,-589,-29980,-29981,-29980,-762,-29994,-29995,-29995,-29996,-29996,-29997,-29997,-29998]} 1. d4 Nf6 2. Bg5 c5 3. d5 Qb6 4. Nc3 Qxb2 5. Bd2 Qb6 6. e4 e5 7. f4 d6 $1 8. Rb1 {A45: Trompowsky Attack.} Qc7 9. fxe5 dxe5 10. Nf3 {The position is equal.} a6 $1 11. a4 Bg4 ({Black should try} 11... c4 $15) 12. h3 {[%mdl 1024] White has compensation.} Bh5 {[#]} 13. g4 $146 ({Predecessor:} 13. Bc4 Nbd7 14. Qe2 Bxf3 15. Qxf3 Nb6 16. Be2 Nc8 17. Qg3 g6 18. O-O Bg7 19. Bg5 {1-0 (35) Istvanovszky,M (2199)-Lorinc,S (2182) Hungary 2009}) 13... Bg6 14. Qe2 Nbd7 {[%cal Oc5c4,Bb8d7,Bd7b6,Bb6c8,Bc8d6][%mdl 32]} 15. Qc4 Be7 16. h4 {[#] Hoping for h5.} h5 $1 (16... Nxg4 $2 17. h5 Bxh5 18. Rxh5 $18) 17. g5 Ng4 18. Nh2 Nb6 $36 {[%mdl 2048] Black fights for an advantage.} 19. Qe2 Nxh2 {Black is more active.} 20. Rxh2 Nc8 21. Bh3 Nd6 22. Rf2 O-O 23. Bf5 (23. Kf1 $17) 23... b5 $19 24. axb5 axb5 25. Bxg6 fxg6 26. Nxb5 Qd7 {Strongly threatening ...Rxf2.} 27. Nxd6 Bxd6 28. Rxf8+ Rxf8 29. Be3 (29. c4 {was called for.}) 29... Qa4 ({Inferior is} 29... Qh3 30. Kd2 $11) 30. Qg2 (30. Bf2 $142 Rf4 31. c4) 30... Kh7 31. Kd1 $2 (31. c3) 31... Qc4 {( -> ...Rf1+)} 32. Rb7 Qa6 33. Rd7 Rf1+ 34. Kd2 Qa5+ 35. Ke2 Qe1+ 36. Kd3 c4+ 37. Kxc4 {[#]} Qxe3 $1 38. Rxd6 (38. Qxf1 Qc5+) 38... Qd4+ {Black mates.} 39. Kb5 Rb1+ 40. Kc6 Qa4+ 41. Kc7 Qa7+ {Weighted Error Value: White=0.83/Black=0.23 (precise)} 0-1

[Event "82nd Armenian Men Championship 2022"]
[Site "Yerevan"]
[Date "2022.01.21"]
[Round "9.1"]
[White "Mikaelyan, Arman"]
[Black "Gharibyan, Mamikon"]
[Result "1-0"]
[WhiteElo "2508"]
[BlackElo "2467"]
[Annotator "TA"]
[PlyCount "131"]
[EventDate "2022.01.12"]
[EventType "tourn"]
[EventCountry "ARM"]
[SourceTitle "playchess.com"]
[Source "ChessBase"]
[SourceQuality "1"]

{[%evp 9,131,26,33,25,30,26,30,22,51,60,67,16,52,49,58,26,21,31,55,53,51,56,61,58,58,24,62,54,65,0,0,0,50,38,41,32,50,-17,0,0,0,0,0,0,0,0,0,0,15,16,12,18,22,0,0,0,0,0,0,-29,-29,-43,-25,-56,-60,-69,-52,-65,-11,-61,-56,-44,-35,-192,-190,-179,0,0,0,0,16,18,18,25,53,8,4,4,5,3,9,0,0,0,0,0,0,0,70,77,77,13,75,75,186,189,253,157,157,156,510,486,569,543,29970,29971,29966,29951,29976,29973,29963,29963,29984,29982]} 1. d4 Nf6 2. c4 e6 3. Nf3 d5 4. Nc3 h6 5. g3 Bd6 6. Bg2 {D37: Queen's Gambit Declined: 5 Bf4.} Nc6 7. O-O O-O 8. b3 {White has an edge.} b6 9. Bb2 {[#]} Ba6 $146 ({Predecessor:} 9... Bb7 10. e3 dxc4 11. bxc4 Qe7 12. Rb1 Na5 13. c5 bxc5 14. Qa4 cxd4 15. Nb5 Be4 16. Nfxd4 Bxg2 17. Kxg2 {½-½ (25) Herriot,B (2199)-Mcatear,A ICCF email 2019}) 10. Nb5 ({Better is} 10. Re1 $14) 10... Na5 11. Nxd6 cxd6 12. Ne1 Rc8 13. cxd5 exd5 14. Nd3 Re8 15. Re1 Nc6 {[%cal Ba5c6,Bc6e7,Be7g6][%mdl 32]} 16. Rc1 Ne7 17. Qd2 Rxc1 18. Rxc1 Qd7 19. Nf4 (19. e3 $14) 19... Ng6 $1 $11 20. Bh3 {This bishop pair is nice.} (20. Nxd5 Nxd5 21. e4 (21. Bxd5 $2 Rxe2 22. Qc3 Qf5 $19) 21... Nf6 $19) 20... Qd8 (20... Qe7 $11) 21. Nd3 $14 Ne4 22. Qd1 h5 23. f3 (23. e3 $14) 23... Ng5 24. Bf1 h4 25. Rc2 hxg3 26. hxg3 Ne7 {Hoping for ...Nf5.} 27. g4 {Prevents Nf5.} Ng6 28. Bc1 Bxd3 29. Qxd3 Ne6 30. Be3 Ngf4 $1 31. Qd2 (31. Bxf4 $5 Nxf4 32. Qf5 $14) 31... Qg5 32. Bf2 f5 33. e3 Ng6 34. Bh3 f4 35. Rc3 fxe3 36. Rxe3 Rf8 {[%cal Of8f3] Strongly threatening ...Rxf3!} 37. Bg2 Qf6 38. Re1 Ng5 (38... Ngf4 $15 39. Be3 Nxg2 40. Qxg2 Qxf3) 39. Qe3 (39. Re3 Nf4 40. Bg3 (40. Bf1 Qh6 $17) 40... Nxg2 41. Kxg2 Qh6 $17) (39. Bg3 $11) 39... Nf4 $15 40. Bg3 $1 Nge6 41. Bf2 $2 (41. Rc1 $15) 41... Rc8 $19 42. Bf1 Ng5 $2 (42... Rc2 $19 {White must now prevent ...Ng5.} 43. Rc1 Rxa2 44. Rc8+ Kh7) 43. Bg3 $11 Nfe6 44. Bg2 Qxd4 45. f4 Qxe3+ 46. Rxe3 Rc1+ 47. Kh2 (47. Kf2 $1 $14 Ne4+ 48. Bxe4 dxe4 49. f5 (49. Rxe4 Nc5 $11)) 47... Ne4 48. Bxe4 dxe4 49. Rxe4 {[%mdl 4096] Endgame KRB-KRN} Kf7 50. f5 Rc2+ 51. Kg1 Ng5 52. Ra4 Nf3+ 53. Kf1 d5 (53... Nd2+ $11 54. Kg1 a5) 54. Rxa7+ $14 Kf6 55. Rd7 ({White should play} 55. Bf4 $16) 55... d4 (55... Nd2+ $1 $11 {remains equal.} 56. Ke1 Nf3+ 57. Kd1 Rd2+ 58. Kc1 Rxa2) 56. a4 $16 Rb2 {[#]} (56... g5 $16) 57. Bf4 $1 $18 ({Don't play} 57. Rd6+ $6 Ke7 $16) 57... Nd2+ (57... g5 $142 58. fxg6 Kxg6 59. Rd6+ Kf7) 58. Ke2 Nxb3+ {[#]} 59. Kf3 $1 Ra2 $2 (59... Nd2+ $16 {is a better chance.} 60. Bxd2 Rxd2) 60. Rd6+ Kf7 61. g5 {[%cal Bg4g5,Bg5g6][%mdl 32] Threatens to win with g6+.} Rxa4 62. g6+ {White mates.} Ke7 63. Rxb6 Na5 64. Re6+ Kd7 {[#]} 65. f6 $1 {[%mdl 512]} Nc4 (65... Ra3+ 66. Kg4) 66. Re7+ {What a bad dream for Black.  Weighted Error Value: White=0.16 (very precise) /Black=0.33} 1-0